Quiz Films (résumés bâclés #2) - Statistiques

Statistiques générales
  • Ce quiz a été pris 5 752 fois
  • Le résultat moyen est 10 sur 16
Statistiques - réponses
Résumé Film % Correct
Des hommes bleus défendent leur planète de la déforestation grâce à l'aide d'un handicapé. Avatar
96%
Des enfants recueille un extraterrestre qui veut absolument passer un coup de téléphone à sa maison. E.T. l'extraterrestre
96%
Un homme, un raton-laveur, un arbre et des aliens sauvent la galaxie. Les Gardiens de la Galaxie
90%
Un homme schizophrene décide de créer un club de boxe mais ça dérape totalement. Fight Club
87%
Un jeune dessinateur finit en glaçon à la fin d'une croisière qui a mal tournée. Titanic
87%
Des petits adultes parcourent des kilomètres pour détruire une bague très possessive. Le Seigneur des Anneaux
81%
Di Caprio qui rêve d'un rêve dans un rêve avec une toupie qui tourne encore. Inception
80%
Un scientifique ressuscite des gros lézards qui s'échappent de leur cage et traumatisent des jeunes enfants dans une cuisine. Jurassic Park
78%
Une saga dans laquelle deux robots sont les personnages qui apparaissent dans le plus de films. Star Wars
72%
Un homme emmène son fils fan de tricycle et sa femme dans un hôtel et veut les tuer à la hache. Shining
71%
L'enfant d'un astronaute lui transperce le thorax et élimine les membres de l'équipage du vaisseau. Alien : le huitième passager
60%
Un schizophrene très attaché à sa mère assassine une jeune fille dans sa douche. Psychose
49%
Des policiers font appel à un psychopathe qui mange n'importe quoi pour les aider à trouver un tueur. Le Silence des Agneaux
39%
Un ordinateur décide d'éliminer les membres d'équipage d'un vaisseau spacial. 2001 : l'Odyssée de l'Espace
24%
Un handicapé s'amuse à espionner ses voisins avec des jumelles et découvre que l'un d'entre eux est un tueur. Fenêtre sur cour
20%
Deux musiciens travestis draguent Marylin Monroe pour échapper à des gangsters. Certains l'aiment chaud
11%
Aucun quiz correspondant
Distribution des résultats
% des personnes avec chaque résultat
Percentile par nombre de réponses
Votre historique - résultats
Vous n’avez pas pris ce quiz